000 01619cam a2200361 a 4500
001 2599471
003 OSt
005 20230605100508.0
008 970912s1998 nyua b 001 0 eng
010 _a 97038261
020 _a047117887X (cloth : alk. paper)
040 _aDLC
_cDLC
_dDLC
043 _an-us---
050 0 0 _aHG4027.65.F79 1
082 0 0 _a658.15/224
_221
100 1 _aFry, Robert P.
_91560
245 1 0 _aNonprofit investment policies : practical steps for growing charitable funds. /
_cRobert P. Fry, Jr.
260 _aNew York :
_bWiley,
_c1998.
300 _axiv, 302 p. :
_bill. ;
_c24 cm.
490 _aThe NSFRE/Wiley fund development series
504 _aIncludes bibliographical references (p. 293-298) and index.
505 _aContents: The case fir investment policies -- The legal environment: law, tradition, and investment --
650 0 _aNonprofit organizations
_zUnited States
_xFinance
_xManagement.
_91561
650 0 _aInvestments
_zUnited States.
_91562
650 0 _aAsset-liability management
_zUnited States.
_91563
650 0 _aNonprofit organizations
_xLaw and legislation
_zUnited States.
_91564
856 4 2 _3Contributor biographical information
_uhttp://www.loc.gov/catdir/bios/wiley041/97038261.html
856 4 2 _3Publisher description
_uhttp://www.loc.gov/catdir/description/wiley032/97038261.html
856 4 _3Table of Contents
_uhttp://www.loc.gov/catdir/toc/onix03/97038261.html
906 _a7
_bcbc
_corignew
_d1
_eocip
_f19
_gy-gencatlg
942 _2lcc
_cBK
999 _c9651
_d17151